00616nam a22002057a 450000500170000001000130001702000230003003500130005303700170006604000120008308200130009524501300010826000410023827000380027930000200031750000200033765000160035765000190037370000180039220170124110257.0 aA-646012 c200.00a8185487049 aA-646012 bCen Lib/ Ret aDPLbEN a360bSTA aState of the world 1992 :cedited by Linda Starke b a worldwatch institute report on progress toward a sustainable society / aNew DelhibHorizon India Booksc1992 aA-12, Sujan Singh ParkbNew Delhi a256p.c20cm(Hb) aIncludes index. aSocial Work aSocial Science aStarke, Linda